Statistiques concernant 20 Pays les plus grands du monde

Cliquez ici pour prendre le quiz!

Statistiques générales

  • Ce quiz a été pris 413 fois
  • Le résultat moyen est 16 sur 20

Statistiques - réponses

HintRéponse% Correct
5e8 515 767 km²Bresil
99%
2e9.984.670 km²Canada
99%
4e9 596 961 km²Chine
99%
3e9 629 091 km²Etats Unis
99%
1e17 125 191 km²Russie
99%
6e7 692 060 km²Australie
96%
7e3 287 263 km²Inde
95%
8e2 780 400 km²Argentine
92%
10e2 381 741 km²Algerie
91%
14e1 964 375 km²Mexique
86%
19e1 564 100 km²Mongolie
79%
13e2 149 680 km²Arabie Saoudite
75%
11e2 345 409 km²Congo
74%
9e2 724 910 km²Kazakhstan
74%
15e1 910 931 km²Indonesie
70%
18e1 648 195 km²Iran
70%
16e1 861 484 km²Soudan
56%
17e1 759 540 km²Libye
53%
12e2 210 573 km²Danemark
51%
20e1 285 216 km²Perou
51%

Distribution des résultats

Percentile par nombre de réponses

% des personnes avec chaque résultat

Votre développement - résultats

Vous n’avez pas pris ce quiz